Takzvané zlo
Guardado en:
| Autor principal: | |
|---|---|
| Otros Autores: | |
| Formato: | Libro |
| Lenguaje: | checo |
| Publicado: |
Praha
Mladá fronta
1992
|
| Edición: | 1. vyd. |
| Colección: | Kolumbus
Sv. 126 |
| Acceso en línea: | Ver en el OPAC |
| Etiquetas: |
Sin Etiquetas, Sea el primero en etiquetar este registro!
|
MARC
| LEADER | 00000nam a2200000 a 4500 | ||
|---|---|---|---|
| 005 | 20260127133943.0 | ||
| 008 | 160628s1992 CS 0 cze c | ||
| 020 | |a 8020402640 | ||
| 035 | |a vtls001136738 | ||
| 035 | |a SNK000079591 | ||
| 039 | 9 | |a 201606280809 |b VLOAD |c 201310031124 |d VLOAD |c 201306201835 |d VLOAD |c 200810141004 |d mschk03 |y 200607202143 |z msnk01 | |
| 040 | |a SNK |b slo |c SNK |d STUSCHK1 |e AACR2 | ||
| 041 | 0 | |a cze | |
| 044 | |a [CS] | ||
| 080 | |a 591.5 |2 1981 | ||
| 100 | 1 | |a Lorenz, Konrad, |d 1903-1989 |9 1022 | |
| 245 | 1 | 0 | |a Takzvané zlo |c Konrad Lorenz ; přel. Alena Veselovská |
| 250 | |a 1. vyd. | ||
| 260 | |a Praha |b Mladá fronta |c 1992 | ||
| 300 | |a 237, [3] s. |c 21 cm | ||
| 490 | 0 | |a Kolumbus |v Sv. 126 | |
| 700 | 1 | |a Veselovská, Alena |4 trl | |
| 910 | |a snk | ||
| 910 | |a SCHK95 | ||
| 919 | |a 80-204-0264-0 | ||
| 954 | |a etológia |x štúdie | ||
| 968 | |d Z něm. orig. |e ... | ||
| 999 | |c 791 |d 791 | ||
| 942 | 0 | 0 | |0 1 |